| Tag |
First Indicator |
Second Indicator |
Subfields |
| LEADER |
00000cam a2200000 4500 |
| 001 |
in00000066877 |
| 005 |
20151008050805.0 |
| 008 |
720301s1955 wiu 00000 eng |
| 010 |
|
|
|a 55007899
|
| 035 |
|
|
|a (OCoLC)00253383
|
| 035 |
|
|
|9 AAG3387AM
|
| 040 |
|
|
|a DLC
|c WSU
|d TXA
|d UtOrBLW
|
| 049 |
|
|
|a TXAM
|c [257373]
|
| 050 |
|
0 |
|a HJ4181
|b .M6
|
| 092 |
|
|
|a 336.22
|b M891h
|
| 100 |
1 |
|
|a Morton, Walter Albert,
|d 1899-
|
| 245 |
1 |
0 |
|a Housing taxation.
|
| 264 |
|
1 |
|a Madison :
|b University of Wisconsin Press,
|c 1955.
|
| 300 |
|
|
|a 262 pages
|
| 336 |
|
|
|a text
|b txt
|2 rdacontent
|
| 337 |
|
|
|a unmediated
|b n
|2 rdamedia
|
| 338 |
|
|
|a volume
|b nc
|2 rdacarrier
|
| 650 |
|
0 |
|a Real property tax
|z United States.
|
| 650 |
|
0 |
|a Property tax
|z United States.
|
| 999 |
|
|
|a MARS
|
| 999 |
f |
f |
|s ccb49012-28ee-3034-a4ca-362d29f078f7
|i ac30ee3c-3583-3013-a95e-bb0629a25a71
|t 0
|
| 952 |
f |
f |
|p ric
|a Texas A&M University
|b Rellis Campus
|c Joint Library Facility
|d Remote Storage
|t 0
|e HJ4181 .M6
|h Library of Congress classification
|i unmediated -- volume
|m A14800749253
|
| 998 |
f |
f |
|a HJ4181 .M6
|t 0
|l Remote Storage
|